UBT Library

Pulmonary and Critical Care Medicine (Record no. 57175)

000 -LEADER
fixed length control field 00302nam a22001337a 4500
008 - FIXED-LENGTH DATA ELEMENTS--GENERAL INFORMATION
fixed length control field 210511b ||||| |||| 00| 0 eng d
041 ## - LANGUAGE CODE
Language code of text/sound track or separate title eng
080 ## - UNIVERSAL DECIMAL CLASSIFICATION NUMBER
Field link and sequence number
Universal Decimal Classification number 611.085
082 ## - DEWEY DECIMAL CLASSIFICATION NUMBER
Classification number 611.085
100 ## - Rafti
Rafti 9
101 ## - Shkurtesa
Shkurtesa HIS
245 ## - TITLE STATEMENT
Title Pulmonary and Critical Care Medicine
Statement of responsibility, etc MKSAP
942 ## - ADDED ENTRY ELEMENTS (KOHA)
Source of classification or shelving scheme
Item type Books
Holdings
Withdrawn status Lost status Source of classification or shelving scheme Damaged status Not for loan Collection code Permanent location Current location Shelving location Date acquired Total Checkouts Full call number Barcode Date last seen Price effective from Koha item type
          Koleksioni i përgjithshem UBT - Lipjan UBT - Lipjan Koleksioni i përgjithshem 05/11/2021   611.085 MKSAP 002-5000735 05/11/2021 05/11/2021 Books
          Koleksioni i përgjithshem UBT - Lipjan UBT - Lipjan Koleksioni i përgjithshem 05/11/2021   611.085 MKSAP 002-5000739 05/11/2021 05/11/2021 Books
UBT Library © 2015-2024. All rights reserved University Education for Business and Technology